[Event "London Central op-A"]
[Site "London"]
[Date "2022.04.22"]
[Round "1"]
[White "Wells, Tony D"]
[Black "Russell, Christopher"]
[Result "0-1"]
[WhiteElo "1833"]
[BlackElo "2173"]
[PlyCount "98"]
[EventDate "2022.04.22"]
[EventType "swiss"]
[EventRounds "5"]
[EventCountry "ENG"]
[SourceTitle "EXT 2024"]
[Source "ChessBase"]
[SourceDate "2023.10.10"]
[SourceVersion "1"]
[SourceVersionDate "2023.10.10"]
[SourceQuality "1"]

1. e4 e6 2. d4 d5 3. exd5 exd5 4. Nf3 Nf6 5. Bg5 Bd6 6. Be2 Bf5 7. Nbd2 0-0 8. 0-0 Nbd7 9. Re1 h6 10. Bh4 c6 11. Nf1 Re8 12. Ne3 Be4 13. c4 dxc4 14. Bxc4 Qc7 15. Bg3 Bxg3 16. hxg3 Nb6 17. Qb3 Rad8 18. Red1 Nxc4 19. Nxc4 Rd5 20. Rd2 Red8 21. Rad1 Bf5 22. Ne3 Rb5 23. Qxb5 cxb5 24. Nxf5 Nd5 25. Re1 a5 26. a3 b4 27. axb4 Nxb4 28. d5 Qc5 29. Red1 b5 30. g4 g6 31. Nxh6+ Kg7 32. g5 Rxd5 33. Ng4 Rxd2 34. Rxd2 Nd5 35. Kh2 a4 36. Nfe5 b4 37. Nf6 Nxf6 38. gxf6+ Kh7 39. f4 Qc1 40. Nf3 g5 41. Nxg5+ Kg6 42. Ne4 a3 43. bxa3 bxa3 44. g4 Qc4 45. f5+ Kh7 46. Ng5+ Kh6 47. Nf3 Qf4+ 48. Kh3 Qxf3+ 49. Kh4 Qh1+ 0-1

[Event "London Classic op U2050-A 8th"]
[Site "London"]
[Date "2016.12.10"]
[Round "3"]
[White "Wells, Tony D"]
[Black "Patel, Devan"]
[Result "1-0"]
[WhiteElo "1967"]
[BlackElo "1561"]
[PlyCount "69"]
[EventDate "2016.12.09"]
[EventType "swiss"]
[EventRounds "5"]
[EventCountry "ENG"]
[SourceTitle "EXT 2019"]
[Source "ChessBase"]
[SourceDate "2018.10.10"]
[SourceVersion "1"]
[SourceVersionDate "2018.10.10"]
[SourceQuality "1"]

1. e4 e5 2. Nf3 Nc6 3. c4 Nf6 4. d3 Bc5 5. Be2 0-0 6. 0-0 h6 7. Nc3 d6 8. h3 a6 9. g4 g5 10. Nxg5 hxg5 11. Bxg5 Be6 12. Kg2 Kg7 13. f4 exf4 14. Rxf4 Be3 15. Bxf6+ Qxf6 16. Rxf6 Kxf6 17. Bf1 Nd4 18. Qe1 Bf4 19. Qf2 Ke5 20. Ne2 Nxe2 21. Bxe2 c5 22. Rd1 f5 23. d4+ Kf6 24. Qxf4 Rg8 25. exf5 Bxc4 26. Bxc4 b5 27. Qh6+ Ke7 28. Qe6+ Kd8 29. Qxg8+ Kc7 30. Qxa8 bxc4 31. d5 c3 32. Qc6+ Kb8 33. Re1 cxb2 34. Re8+ Ka7 35. Ra8# 1-0